Jetpunk general knowledge - Statistics

General Stats
  • This quiz has been taken 10 times
  • The average score is 12 of 20
Answer Stats
Hint Answer % Correct
What year was Jetpunk founded? 2008
100%
What is the most popular quiz on Jetpunk? Countries of the World
89%
What is the name of the Jetpunk mascot? Jeppy
89%
Who Made Jetpunk? Dan Hostetler
78%
Name the seven types of quiz on Jetpunk: Sudden death
78%
Name the seven types of quiz on Jetpunk: Click
67%
What are the two daily games on the Jetpunk home page? Daily word search
67%
Name the seven types of quiz on Jetpunk: Picture
67%
Who has the number 1 quiz maker rank? Stewart
67%
Name the seven types of quiz on Jetpunk: Text
67%
What are quizzes that you can receive points from called? Featured Quizzes
56%
Name the four fact/quote lists: Interesting Facts
56%
Name the seven types of quiz on Jetpunk: Map quiz
56%
Name the seven types of quiz on Jetpunk: Multiple choice
56%
Name the seven types of quiz on Jetpunk: Tile select
56%
What are the two daily games on the Jetpunk home page? Daily trivia
44%
Name the four fact/quote lists: Interesting Quotes
44%
What is a paid subscription to Jetpunk called? Jetpunk Premium
44%
Name the four fact/quote lists: Baseball Facts
22%
Name the four fact/quote lists: Basketball Facts
22%
No matching quizzes found
Score Distribution
Percent of People with Each Score
Percentile by Number Answered
Your Score History
You have not taken this quiz